| Tag |
First Indicator |
Second Indicator |
Subfields |
| LEADER |
00000cam a2200000 i 4500 |
| 001 |
in00000045883 |
| 005 |
20151007075331.0 |
| 008 |
800321s1979 nyua b 00110 eng |
| 010 |
|
|
|a 80106334
|
| 020 |
|
|
|a 0820602558
|
| 035 |
|
|
|a (OCoLC)05275654
|
| 035 |
|
|
|9 AAF3033AM
|
| 040 |
|
|
|a DLC
|c DLC
|d TXA
|d UtOrBLW
|
| 049 |
|
|
|a TXAM
|c [1160457]
|
| 050 |
0 |
0 |
|a TP1087
|b .M54 1979
|
| 082 |
0 |
|
|a 668.9
|
| 100 |
1 |
|
|a Miles, D. C.
|q (Derek Cyril)
|
| 245 |
1 |
0 |
|a Polymer technology /
|c by D. C. Miles and J. H. Briston.
|
| 250 |
|
|
|a [2d ed.].
|
| 264 |
|
1 |
|a New York, N.Y. :
|b Chemical Pub. Co.,
|c [1979]
|
| 264 |
|
4 |
|c ©1979
|
| 300 |
|
|
|a 707 pages :
|b illustrations ;
|c 23 cm.
|
| 336 |
|
|
|a text
|b txt
|2 rdacontent
|
| 337 |
|
|
|a unmediated
|b n
|2 rdamedia
|
| 338 |
|
|
|a volume
|b nc
|2 rdacarrier
|
| 504 |
|
|
|a Includes bibliographical references and index.
|
| 650 |
|
0 |
|a Polymerization.
|
| 650 |
|
0 |
|a Polymers.
|
| 700 |
1 |
|
|a Briston, J. H.
|q (John Herbert)
|
| 999 |
|
|
|a MARS
|
| 999 |
f |
f |
|s 120887b6-2a26-35a8-9004-6b9f78af4d01
|i 8265f18e-84a4-33a1-82cb-04a6d4a33daa
|t 0
|
| 952 |
f |
f |
|p ric
|a Texas A&M University
|b Rellis Campus
|c Joint Library Facility
|d Remote Storage
|t 0
|e TP1087 .M54 1979
|h Library of Congress classification
|i unmediated -- volume
|m A14805619958
|
| 998 |
f |
f |
|a TP1087 .M54 1979
|t 0
|l Remote Storage
|